[Event "COL-ch Blitz"]
[Site "Villavicencio"]
[Date "2021.11.15"]
[Round "3"]
[White "Araque, Rafael"]
[Black "Marin, Sebastian"]
[Result "1-0"]
[WhiteElo "2135"]
[BlackElo "2287"]
[PlyCount "109"]
[EventDate "2021.11.15"]
[EventType "swiss (blitz)"]
[EventRounds "13"]
[EventCountry "COL"]
[SourceTitle "CBM 205 Extra"]
[Source "ChessBase"]
[SourceDate "2022.01.31"]
[SourceVersion "1"]
[SourceVersionDate "2022.01.31"]
[SourceQuality "1"]

1. d4 Nf6 2. g3 d5 3. Bg2 c6 4. Nf3 Bg4 5. Ne5 Bf5 6. 0-0 e6 7. c4 Nbd7 8. Nc3 Be7 9. Qb3 Qb6 10. Nxd7 Nxd7 11. e4 dxe4 12. Nxe4 Bxe4 13. Bxe4 Qxd4 14. Qxb7 0-0 15. Qxc6 Rac8 16. Be3 Rxc6 17. Bxd4 Rxc4 18. Rfd1 Nc5 19. Bg2 Bf6 20. Bxf6 gxf6 21. b3 Rc2 22. Rac1 Rxc1 23. Rxc1 Nd3 24. Rc7 a5 25. Ra7 Rc8 26. Rxa5 Rc1+ 27. Bf1 Ne1 28. f4 Rc2 29. Bc4 Nf3+ 30. Kf1 Nxh2+ 31. Ke1 Nf3+ 32. Kd1 Rd2+ 33. Kc1 Rg2 34. b4 Nd4 35. b5 Rc2+ 36. Kb1 Rxc4 37. a4 Rc3 38. Kb2 Rb3+ 39. Ka2 Rxg3 40. Ra8+ Kg7 41. Rd8 Rd3 42. b6 Rd2+ 43. Kb1 Rd1+ 44. Ka2 Rd2+ 45. Kb1 Rd3 46. a5 Rb3+ 47. Ka2 Rb4 48. Ka3 Rb5 49. Ka4 Rd5 50. Rxd5 exd5 51. b7 Nc6 52. Kb5 Nb8 53. a6 d4 54. a7 d3 55. axb8Q 1-0

[Event "COL-ch Rapid"]
[Site "Villavicencio"]
[Date "2021.11.14"]
[Round "9"]
[White "Araque, Rafael"]
[Black "Pardo, Alejandro"]
[Result "1/2-1/2"]
[WhiteElo "2185"]
[BlackElo "2259"]
[PlyCount "75"]
[EventDate "2021.11.13"]
[EventType "swiss (rapid)"]
[EventRounds "9"]
[EventCountry "COL"]
[SourceTitle "CBM 205 Extra"]
[Source "ChessBase"]
[SourceDate "2022.01.31"]
[SourceVersion "1"]
[SourceVersionDate "2022.01.31"]
[SourceQuality "1"]

1. d4 Nf6 2. g3 d5 3. Bg2 c6 4. Nf3 Bg4 5. Ne5 Be6 6. 0-0 Nbd7 7. b3 Nxe5 8. dxe5 Nd7 9. Bb2 Bf5 10. Nd2 e6 11. e4 dxe4 12. Nxe4 Bxe4 13. Bxe4 Nc5 14. Bf3 Qxd1 15. Rfxd1 Rd8 16. Bd4 a5 17. a3 Be7 18. b4 Na4 19. bxa5 Bc5 20. c3 0-0 21. a6 bxa6 22. Bxc6 Bxd4 23. cxd4 Nc3 24. Rd3 Ne2+ 25. Kf1 Nxd4 26. Bb7 a5 27. Rc1 Nf5 28. Be4 Rxd3 29. Bxd3 Nd4 30. Rc4 Rd8 31. Ra4 Nf3 32. Be2 Nd2+ 33. Ke1 Rd5 34. f4 g6 35. Bd1 Nb1 36. Be2 Nc3 37. Rc4 Nxe2 38. Kxe2 1/2-1/2

[Event "COL-ch Rapid"]
[Site "Villavicencio"]
[Date "2021.11.14"]
[Round "5"]
[White "Sanchez, Sebastian Felipe"]
[Black "Araque, Rafael"]
[Result "1-0"]
[WhiteElo "2412"]
[BlackElo "2185"]
[PlyCount "121"]
[EventDate "2021.11.13"]
[EventType "swiss (rapid)"]
[EventRounds "9"]
[EventCountry "COL"]
[SourceTitle "CBM 205 Extra"]
[Source "ChessBase"]
[SourceDate "2022.01.31"]
[SourceVersion "1"]
[SourceVersionDate "2022.01.31"]
[SourceQuality "1"]

1. Nf3 g6 2. d4 Bg7 3. c4 d6 4. Nc3 Bg4 5. g3 Nc6 6. d5 Bxf3 7. exf3 Nd4 8. Be3 c5 9. dxc6 Nxc6 10. Rc1 Nf6 11. Bg2 0-0 12. 0-0 Rc8 13. f4 Qa5 14. Qb3 Ng4 15. Qxb7 Nxe3 16. fxe3 Qc5 17. Bxc6 Qxc6 18. Qxc6 Rxc6 19. Nd5 Re8 20. b3 e6 21. Nb4 Rb6 22. Nd3 a5 23. Rfd1 Rc8 24. c5 dxc5 25. Rxc5 Rbc6 26. Rxc6 Rxc6 27. Rd2 Bf8 28. Kf2 h5 29. Ne5 Rc7 30. Kf3 Kg7 31. Rd7 Rxd7 32. Nxd7 Bd6 33. e4 f5 34. e5 Bb4 35. Ke2 Kf7 36. Nb6 Ke7 37. Nc4 Kd7 38. a3 Bc3 39. Kd3 Be1 40. Nd2 h4 41. gxh4 Bxh4 42. Nf3 Be7 43. a4 Ba3 44. Nh4 Ke7 45. Nxg6+ Kf7 46. Nh4 Bc1 47. Ng2 Kg6 48. Ke2 Kh5 49. Kf3 Kg6 50. Ne3 Bd2 51. Ke2 Bc1 52. Kf3 Bd2 53. Nc4 Bc3 54. Nd6 Bb4 55. Nb5 Bc5 56. Nc7 Kf7 57. h4 Bb6 58. Na6 Kg6 59. b4 axb4 60. Nxb4 Kh5 61. Nc6 1-0

[Event "Manizales Las Americas blitz op"]
[Site "Manizales"]
[Date "2021.10.23"]
[Round "11"]
[White "Zapata Cuartas, Juan Carlos"]
[Black "Araque, Rafael"]
[Result "0-1"]
[WhiteElo "1948"]
[BlackElo "2189"]
[PlyCount "112"]
[EventDate "2021.10.23"]
[EventType "swiss (blitz)"]
[EventRounds "11"]
[EventCountry "COL"]
[SourceTitle "CBM 205 Extra"]
[Source "ChessBase"]
[SourceDate "2022.01.31"]
[SourceVersion "1"]
[SourceVersionDate "2022.01.31"]
[SourceQuality "1"]

1. d4 d5 2. c4 c6 3. Nf3 Nf6 4. Nc3 dxc4 5. a4 Bg4 6. Ne5 Bh5 7. Nxc4 e6 8. g3 Bb4 9. Bg2 0-0 10. 0-0 a5 11. Bg5 h6 12. Bxf6 Qxf6 13. Ne4 Qe7 14. Qd3 Rd8 15. Qe3 Nd7 16. Rac1 Nf6 17. Nc5 Nd5 18. Bxd5 cxd5 19. Ne5 Rac8 20. g4 Bxc5 21. Rxc5 Rxc5 22. dxc5 f6 23. gxh5 fxe5 24. Qxe5 Rf8 25. Qd6 Qg5+ 26. Kh1 Qg4 27. Rg1 Qxe2 28. Qe7 Qf3+ 29. Rg2 Qf6 30. Qxb7 d4 31. c6 d3 32. c7 d2 33. Rg1 Kh7 34. Qe4+ Qf5 35. Qxf5+ exf5 36. Rd1 Rc8 37. Rxd2 Rxc7 38. Rd5 Rc2 39. Rxf5 Rxb2 40. Rxa5 Rxf2 41. Kg1 Ra2 42. Ra6 Kg8 43. Ra7 Kf8 44. h4 Kg8 45. Kf1 Rh2 46. a5 Rxh4 47. Kf2 Rxh5 48. Ke3 Rh4 49. a6 Ra4 50. Kd3 h5 51. Kc3 h4 52. Kb3 Ra1 53. Kb2 Ra5 54. Kb3 Kh7 55. Kb4 Ra1 56. Kb5 h3 0-1

[Event "Mexican op 55th"]
[Site "Toluca"]
[Date "2009.04.09"]
[Round "3"]
[White "Mitkov, Nikola"]
[Black "Araque, Rafael"]
[Result "1-0"]
[WhiteElo "2530"]
[BlackElo "2287"]
[PlyCount "96"]
[EventDate "2009.04.07"]
[EventType "swiss"]
[EventRounds "9"]
[EventCountry "MEX"]
[SourceTitle "CBM 129 Extra"]
[Source "ChessBase"]
[SourceDate "2009.05.05"]
[SourceVersion "2"]
[SourceVersionDate "2009.05.20"]
[SourceQuality "1"]

1. e4 d5 2. exd5 Qxd5 3. Nc3 Qd6 4. d4 Nf6 5. Nf3 a6 6. Bd3 Bg4 7. Ne4 Nxe4 8. Bxe4 Nc6 9. c3 0-0-0 10. h3 Qe6 11. Qe2 Bxf3 12. Bxf3 Qxe2+ 13. Kxe2 e6 14. Rd1 Be7 15. g4 Rhe8 16. Be3 Nb8 17. a4 Nd7 18. Kf1 h6 19. Be2 Nf6 20. c4 a5 21. Rac1 Bb4 22. f4 Nd7 23. Bf2 c5 24. d5 exd5 25. cxd5 Re4 26. f5 Rde8 27. Bb5 b6 28. Rc2 h5 29. Re2 hxg4 30. hxg4 Kd8 31. Bg3 c4 32. Rxe4 Rxe4 33. g5 Be7 34. f6 gxf6 35. d6 Bf8 36. gxf6 Bh6 37. Kg2 Bg5 38. Kf3 Nxf6 39. Bf2 Rf4+ 40. Kg2 Nd7 41. Rh1 Bf6 42. Bg3 Rd4 43. Rf1 Rd2+ 44. Kh3 Rxb2 45. Bxd7 Kxd7 46. Rxf6 Ke8 47. Rf4 Rb3 48. Rxc4 Kd8 1-0

[Event "Mexican op 54th"]
[Site "Aguascalientes"]
[Date "2008.03.22"]
[Round "7"]
[White "Quesada Perez, Yuniesky"]
[Black "Araque, Rafael"]
[Result "1-0"]
[WhiteElo "2546"]
[BlackElo "2325"]
[PlyCount "73"]
[EventDate "2008.03.18"]
[EventType "swiss"]
[EventRounds "9"]
[EventCountry "MEX"]
[SourceTitle "CBM 123 Extra"]
[Source "ChessBase"]
[SourceDate "2008.05.06"]
[SourceVersion "1"]
[SourceVersionDate "2008.05.06"]
[SourceQuality "1"]

1. e4 d5 2. exd5 Qxd5 3. Nc3 Qd6 4. d4 Nf6 5. Bg5 a6 6. Qd2 Bf5 7. Nf3 Nc6 8. 0-0-0 e6 9. Bd3 Bxd3 10. Qxd3 Be7 11. Rhe1 0-0-0 12. Kb1 h6 13. Bc1 Qb4 14. a3 Qa5 15. b4 Qb6 16. Bb2 Rd7 17. Na4 Qa7 18. c4 Rhd8 19. Qe2 Ng8 20. Rd2 b6 21. d5 exd5 22. cxd5 Nb8 23. Ne5 Bg5 24. Nxd7 Rxd7 25. Rc2 Ne7 26. h4 Bxh4 27. d6 Nec6 28. Qg4 Bd8 29. Bxg7 cxd6 30. Rec1 Qb7 31. Nc3 b5 32. Nd5 Bg5 33. f4 Bd8 34. Bf6 Bc7 35. Qg8+ Bd8 36. Bxd8 Rxd8 37. Qg4+ 1-0

[Event "Los Inmortales op"]
[Site "Los Inmortales"]
[Date "2004.11.??"]
[Round "7"]
[White "Araque, Rafael"]
[Black "Wohl, Aleksandar H"]
[Result "0-1"]
[WhiteElo "2332"]
[BlackElo "2379"]
[PlyCount "46"]
[EventDate "2004.11.22"]
[EventType "swiss"]
[EventRounds "9"]
[EventCountry "DOM"]
[SourceTitle "CBM 103 Extra"]
[Source "ChessBase"]
[SourceDate "2005.01.01"]
[SourceVersion "1"]
[SourceVersionDate "2005.01.01"]
[SourceQuality "1"]

1. d4 Nf6 2. g3 Nc6 3. Bg2 e5 4. d5 Ne7 5. Nc3 c6 6. e4 Ng6 7. Be3 Bb4 8. dxc6 bxc6 9. a3 Be7 10. h3 0-0 11. Nge2 Ba6 12. Qd2 Rb8 13. Rb1 Rb7 14. 0-0 d5 15. exd5 cxd5 16. Nxd5 Nxd5 17. Qxd5 Rd7 18. Qf3 e4 19. Qg4 f5 20. Qh5 Ne5 21. Nc3 g6 22. Qh6 Nf7 23. Qf4 Bg5 0-1

[Event "American Continental 01st"]
[Site "Cali"]
[Date "2001.08.19"]
[Round "10"]
[White "Campora, Daniel Hugo"]
[Black "Araque, Rafael"]
[Result "1-0"]
[WhiteElo "2506"]
[BlackElo "2388"]
[PlyCount "79"]
[EventDate "2001.08.09"]
[EventType "swiss"]
[EventRounds "11"]
[EventCountry "COL"]
[SourceTitle "CBM 083 Extra"]
[Source "ChessBase"]
[SourceDate "2001.09.11"]
[SourceVersion "1"]
[SourceVersionDate "2001.09.11"]
[SourceQuality "1"]

1. e4 d5 2. exd5 Qxd5 3. Nc3 Qd6 4. Nf3 Nf6 5. g3 Bg4 6. Bg2 Nc6 7. h3 Bh5 8. d3 0-0-0 9. g4 Bg6 10. Be3 e5 11. Nh4 Qe6 12. Nxg6 hxg6 13. Qf3 Bb4 14. 0-0 Bxc3 15. bxc3 Nd5 16. c4 Nxe3 17. fxe3 Rd7 18. Rab1 Rf8 19. Qg3 Nd8 20. Rb5 Re8 21. h4 a6 22. Rbb1 f5 23. Bd5 Qf6 24. Be4 Rh8 25. gxf5 Qxh4 26. Qxh4 Rxh4 27. fxg6 Rxe4 28. dxe4 Rd6 29. Rf8 Rxg6+ 30. Kf2 Rf6+ 31. Rxf6 gxf6 32. Kf3 Nf7 33. Kg4 Nd6 34. c5 Nxe4 35. c6 Nd6 36. cxb7+ Kb8 37. Rb3 f5+ 38. Kg5 f4 39. exf4 exf4 40. Kxf4 1-0

[Event "American Continental 01st"]
[Site "Cali"]
[Date "2001.08.15"]
[Round "6"]
[White "Gonzalez, Sergio"]
[Black "Araque, Rafael"]
[Result "1-0"]
[WhiteElo "2274"]
[BlackElo "2388"]
[PlyCount "75"]
[EventDate "2001.08.09"]
[EventType "swiss"]
[EventRounds "11"]
[EventCountry "COL"]
[SourceTitle "CBM 083 Extra"]
[Source "ChessBase"]
[SourceDate "2001.09.11"]
[SourceVersion "1"]
[SourceVersionDate "2001.09.11"]
[SourceQuality "1"]

1. e4 d5 2. exd5 Qxd5 3. Nc3 Qd6 4. d4 Nf6 5. Nf3 a6 6. Be3 b5 7. Qd2 Bb7 8. 0-0-0 e6 9. Kb1 Nbd7 10. Bf4 Qb6 11. Ne5 Rd8 12. Bd3 c5 13. dxc5 Bxc5 14. Qe2 Bd4 15. Nxd7 Rxd7 16. Ne4 Bxe4 17. Bxe4 Bxf2 18. Rxd7 Nxd7 19. Rd1 Bc5 20. Qg4 g6 21. Qf3 e5 22. Bg5 Be7 23. Bh6 Bf8 24. Bxf8 Nxf8 25. Bc6+ Ke7 26. Qd5 Qc7 27. Qf3 b4 28. g4 f6 29. g5 f5 30. Ba4 h6 31. Qa8 hxg5 32. a3 bxa3 33. Rd3 axb2 34. Rb3 Qc5 35. Qe8+ Kf6 36. Rb7 Qg1+ 37. Kxb2 Nd7 38. Qxh8+ 1-0

[Event "Capablanca Memorial Mixto 36th"]
[Site "Havana"]
[Date "2001.05.18"]
[Round "12"]
[White "Araque, Rafael"]
[Black "Santa Torres, Juan"]
[Result "1-0"]
[WhiteElo "2320"]
[BlackElo "2233"]
[PlyCount "61"]
[EventDate "2001.05.05"]
[EventType "tourn"]
[EventRounds "13"]
[EventCountry "CUB"]
[EventCategory "1"]
[SourceTitle "CBM 082 Extra"]
[Source "ChessBase"]
[SourceDate "2001.07.03"]
[SourceVersion "1"]
[SourceVersionDate "2001.07.03"]
[SourceQuality "1"]

1. d4 Nf6 2. g3 c5 3. d5 e5 4. c4 d6 5. Nc3 g6 6. h4 Bg7 7. Bh3 0-0 8. e4 a6 9. a4 b6 10. Be3 Ra7 11. Kf1 Nh5 12. Bxc8 Qxc8 13. Nh3 Nf6 14. f3 Ne8 15. Kg2 Re7 16. Qd2 Nc7 17. h5 f6 18. Nf2 Kf7 19. Nd3 a5 20. f4 Nd7 21. fxe5 Nxe5 22. Nxe5+ fxe5 23. Bg5 Ree8 24. Raf1+ Kg8 25. Rxf8+ Kxf8 26. Bh6 Qd7 27. hxg6 hxg6 28. Qg5 Kg8 29. Qxg6 Rf8 30. Bxg7 Qxg7 31. Rh6 1-0

[Event "Capablanca Memorial Mixto 36th"]
[Site "Havana"]
[Date "2001.05.08"]
[Round "4"]
[White "Araque, Rafael"]
[Black "Lucena, Lincoln"]
[Result "0-1"]
[WhiteElo "2320"]
[BlackElo "2245"]
[PlyCount "134"]
[EventDate "2001.05.05"]
[EventType "tourn"]
[EventRounds "13"]
[EventCountry "CUB"]
[EventCategory "1"]
[SourceTitle "CBM 082 Extra"]
[Source "ChessBase"]
[SourceDate "2001.07.03"]
[SourceVersion "1"]
[SourceVersionDate "2001.07.03"]
[SourceQuality "1"]

1. d4 d5 2. Nf3 Nf6 3. c4 c6 4. Qc2 e6 5. g3 Nbd7 6. Nbd2 Be7 7. Bg2 0-0 8. 0-0 b6 9. e4 Bb7 10. e5 Ne8 11. cxd5 cxd5 12. Re1 Rc8 13. Qd1 Ba6 14. Nf1 Nb8 15. h4 Nc6 16. a3 Na5 17. Ng5 g6 18. Nh2 Ng7 19. Ng4 Nf5 20. Nh3 Kg7 21. Bg5 Rc4 22. Ne3 Bxg5 23. Nxc4 Bxc4 24. Nxg5 Nb3 25. Rb1 Nfxd4 26. Nf3 Nxf3+ 27. Bxf3 b5 28. Re3 Nc5 29. Qd4 Nb3 30. Qd1 Nc5 31. b3 d4 32. Re1 Bd5 33. Qxd4 Nxb3 34. Qe3 Bxf3 35. Rxb3 Bc6 36. Rd3 Qa5 37. Rc1 Bd5 38. Qf4 Qd8 39. Qd4 Qb8 40. Qf4 Qd8 41. Rc5 a6 42. Rc6 Qa8 43. Rc7 Qd8 44. Qc1 h6 45. Qc5 Qa8 46. Qe7 Qd8 47. Rdc3 a5 48. Qc5 Bc4 49. Qd6 Qa8 50. Qc6 Qxc6 51. Rxc6 Rd8 52. f4 Rd2 53. Rb6 a4 54. Rd6 Rb2 55. Rb6 Rb3 56. Rc1 Rxg3+ 57. Kf2 Rxa3 58. h5 Ra2+ 59. Ke3 Rg2 60. Ra6 g5 61. fxg5 Rxg5 62. Kd4 Rxh5 63. Ra7 Rg5 64. Rc3 Bd5 65. Rcc7 Rf5 66. Kc3 a3 67. Rxa3 Rxe5 0-1